De la perspectiva instrumental a la perspectiva crítica. Pedagogía, currículo y evaluación

Saved in:
Bibliografiske detaljer
Andre forfattere: Michael W. Apple, Rafael Díaz Borbón, Diana Patricia Huertas, Díaz Ballen, José Emilio, Antonio Gama Bermúdez, Nubia Conde Quintero, Alfonso Tamayo Valencia
Format: Bog
Sprog:Spanish
Udgivet: Bogotá (Colombia): Universidad Pedagógica Nacional, 2010
Fag:
Online adgang:Enlace del recurso
Tags: Tilføj Tag
Ingen Tags, Vær først til at tagge denne postø!

MARC

LEADER 00000nam a22000007a 4500
003 OSt
005 20190829131839.0
008 170802b2010 ck ||||| |||| 00| 0 spa d
020 |a 9789588650098 
040 |c CNA-IDEP 
082 |a 370.1  |b P377 
130 |a De la Perspectiva instrumental a la perspectiva crítica. Pedagogía, currículo y evaluación  |9 3047 
245 1 3 |a De la perspectiva instrumental a la perspectiva crítica.  |b Pedagogía, currículo y evaluación  |c Libia Stella Niño Zafra: [compilador y editor], Peter McLaren, Natalia Jaramillo,...[et al] 
260 |a Bogotá (Colombia):  |b Universidad Pedagógica Nacional,  |c 2010 
300 |a 228 p.  |b Gráficos 
504 |a Incluye Bibliografía 
650 |a Pedagogía Crítica  |9 1006 
650 |a Currículo  |9 200 
650 |a Evaluación Educativa  |x Legislación  |z Colombia  |9 3048 
650 |a Formación Profesional de Maestros  |9 8338 
700 |a Michael W. Apple  |9 3050 
700 |a Rafael Díaz Borbón  |9 3052 
700 |a Diana Patricia Huertas  |9 3053 
700 1 |a Díaz Ballen, José Emilio   |9 3054 
700 |a Antonio Gama Bermúdez  |9 3055 
700 |a Nubia Conde Quintero  |9 3056 
700 |a Alfonso Tamayo Valencia  |9 3057 
942 |2 ddc  |c BK 
999 |c 5242  |d 5242 
856 |u https://catalogo.idep.edu.co/cgi-bin/koha/opac-detail.pl?biblionumber=5242  |z Enlace del recurso